Η αγωγή της απλότητος

Saved in:
Bibliographic Details
Main Author: Κουλούκης, Γιώργος Δ., 1924-
Format: Book
Language:Greek
Published: Νεάπολις, Λακωνίας : [χ.ό.], 1964
Subjects:
Tags: Add Tag
No Tags, Be the first to tag this record!

MARC

LEADER 00000cam a2200000 i 4500
001 1/56051
008 040525s1964 gr | ||| |||| ||gre||
035 |l 10073536 
040 |a GR-MY-UA  |b gre  |e aacr 
041 0 |a gre 
082 0 |a 158.12 
100 1 |a Κουλούκης, Γιώργος Δ.,   |d 1924- 
245 1 2 |a Η αγωγή της απλότητος /  |c Γιώργου Δ. Κουλούκη 
260 |a Νεάπολις, Λακωνίας :   |b [χ.ό.],   |c 1964 
300 |a 95 σ. 
650 0 0 |a Simplicity. 
852 |a INST  |b RHODES  |c AKA  |e 20040525  |h  158.12 ΚΟΥ  |p 005400018987  |q 005400018987  |t BK  |y 0 
901 |a BIBL4-2004-2 
909 |a Ρ  |b 109527 
970 |a ΚΟΥΛΑΚΙΟΤΗ  |b ΛΙΤΣΑ  |z 2004/05/25